000 00630nam a22002177a 4500
003 UA-OsUOA
001 124929
007 ta
008 20170830b un ||||| |||| 00| 0 ukr d
100 _aСтепчук Ю.
090 _a82
_bС79
942 _cSA
040 _aUA-OsUOA
_bukr
_cUA-OsUOA
_dUA-OsUOA
245 _aЖанрова палітра літературно-критичної творчості Михайлини Коцюбинської
300 _aС.79-87
955 _a0
041 _aukr
080 _a82
773 0 _w124928
650 7 _a82 Література. Літературознавство
_2UDC
999 _c412123
_d412123